000
00476nam a2200145Ia 4500
008
151213s9999 xx 000 0 und d
100
_a
হাসনা বেগম।
245
_a
শুধু রবির জন্যে।
_c
হাসনা বেগম।
260
_a
ঢাকা
_b
প্রজ্ঞা
_c
1989
300
_a
8844 p.
650
_a
Bangla
650
_a
কবিতা গ্রন্থ।
700
_a
হাসনা বেগম।
999
_c
4629
_d
4629